| 000 | 00701nam a2200217 a 4500 | ||
|---|---|---|---|
| 001 | 000048579 | ||
| 003 | DO-SdBNP | ||
| 005 | 20230206083145.0 | ||
| 007 | ta | ||
| 008 | 190401s2010 dr bc r 000 0 spa d | ||
| 040 |
_aDO-SdBNP _bspa _cBNPHU |
||
| 082 |
_axxxx _bF363r _222 |
||
| 100 | 1 |
_aFernández, Eladio _969578 |
|
| 245 | 1 | 0 |
_aReserva científica ébano verde : _bun encuentro con la naturaleza / _cEladio Fernández ; textos Félix Fernández. |
| 260 |
_aSanto Domingo : _bAsociación Popular de Ahorros y Préstamos, _c2010. |
||
| 300 |
_a225 p. : _bil., map. ; _c24 cm. |
||
| 590 | _aInventariado, 2019/BT | ||
| 700 | 1 |
_aFernández, Félix, _etex. _911384 |
|
| 910 | _aBT | ||
| 942 |
_2ddc _cLBS1 |
||
| 999 |
_c48067 _d48067 |
||